000
00312nam a2200121Ia 4500
008
191201s1984 xx 000 0 und d
100
_a
LEAF, Gav
245
0
_a
Practical Statistics for the Textile Industry
260
_a
Bombay
_b
Textile Institute
_c
1984
300
_a
77
650
_a
B.Tech(TE)
942
_2
ddc
_c
BK
999
_c
3745
_d
3745